LEADER 01135nam a2200301 a 4500 001 000000131283 003 CaOOAMICUS 005 20121114092501.0 008 121114s2012 it u000 u ita r 020 $a978-88-13-30848-3 040 $aPUL$bita 082 04$a346.4505 100 1 $aSalvia, Filippo.$0(OLS)http://pul/name/84259 245 10$aManuale di diritto urbanistico /$cFilippo Salvia. 250 $a2. ed. 260 $aPadova :$bCEDAM,$c©2012. 300 $aXXXIII, 296 p. ;$c24 cm 500 $aInclude indice. 504 $aBibliografia in nota. 650 4$aUrbanistica$zItalia$xLegislazione.$0(OLS)http://pul/subject/33873 850 $aPUL 852 $aPUL$W1$xSL Diritto e Scienze Sociali 3$y79$m346. 4505 SALFI 1$j151579$qDDC 21$B150475$CPULBib$Z2$F150475 $H121057 $82 941 1 $a9 996 $6020$a978-88-13-30848-3$9(OLS)http://pul/number/150987 996 $6082$a346.4505$9(OLS)http://pul/classification/1795 996 $6245$aManuale di diritto urbanistico$9(OLS)http://pul/title/165844 996 $6260$aPadova :$bCEDAM$9(OLS)http://pul/publisher/48126 LEADER 01777nam a2200325 u 4500 001 000000018954 003 CaOOAMICUS 005 20150114135457.0 008 950128s1977 it fh u000 u ita u 035 $a10452048 040 $aPUL(R)$bita 100 1 $aMerlo, Grado Giovanni,$d1945-$0(OLS)http://pul/name/16717 245 10$aEretici e inquisitori nella societą piemontese del Trecento :$bcon l'edizione dei processi tenuti a Giaveno dall'inquisitore Alberto de Castellario (1335) e nelle valli di Lanzo dall'inquisitore Tommaso di Casasco (1373) /$cGrado G. Merlo. 260 $aTorino :$bClaudiana Editrice,$c1977. 300 $a316, [2] p. di tav.$bfacs.$c24 cm 490 1 $aStudi storici 500 $aContiene indice. 504 $aBibliografia: p. 285-297. 650 4$aEresie ed eretici$zItalia$zPiemonte$ySec. XIV.$0(OLS)http://pul/subject/12826 650 4$aInquisizione$zItalia$zPiemonte$ySec. XIV.$0(OLS)http://pul/subject/12827 830 0$aStudi storici (Claudiana).$0(OLS)http://pul/title/4914 850 $aPUL 852 $aPUL$W1$xSL Religione 1$y3$m74 E 17$j26677$nBK-PRI$b $qStampati$B26677$CPULBib$Z2$F26677 $H $81 852 $aPUL$W1$xDP1 Fondo Capitani$y116$m3 C 74$j162955$qFondi$B162737$CPULBib$Z2$F162737 $HCap1990 $82 941 1 $a8 941 1 $a1 961 $aINV: 49292 961 $aNota ms. di possesso : Capitani 996 $6245$aEretici e inquisitori nella societą piemontese del Trecento :$bcon l'edizione dei processi tenuti a Giaveno dall'inquisitore Alberto de Castellario (1335) e nelle valli di Lanzo dall'inquisitore Tommaso di Casasco (1373)$9(OLS)http://pul/title/26882 996 $6260$aTorino :$bClaudiana Editrice$9(OLS)http://pul/publisher/55990